Statistics for Grand Theft Auto V Quiz

Click here to take the quiz!

General Stats

  • This quiz has been taken 146 times
  • The average score is 46 of 60

Answer Stats

QuestionTileSelect% Correct
Who is the real owner of ChopBradley "Brad" SniderNo
95%
Who is the real owner of ChopMichael De SantaNo
95%
Who is the real owner of ChopFloyd HebertNo
94%
In which mission do Michael and Franklin first meet?Freinds ReunitedNo
94%
Who is the real owner of ChopLamar DavisYes
94%
In which mission do Michael and Franklin first meet?PrologueNo
94%
Which Heist is Planned by TrevorThe Jewellery Store JobNo
92%
Which is the first heist you do in GTA VBlitz PlayNo
91%
How many cars can be stored in Michael's GarageHundredNo
91%
Who is kidnapped by TrevorLamar DavisNo
91%
In which Mission does Jimmy take Michael's Car from him?PrologueNo
91%
Who is kidnapped by TrevorSimeon YetarianNo
91%
Which Heist is Planned by TrevorBlitz PlayNo
90%
What is the Cheat Code (For PC) to get full ammoDEATHCARNo
90%
Which is the first heist you do in GTA VThe Big ScoreNo
89%
What is the Cheat Code (For PC) to get full ammoVINEWOODNo
89%
Who is Trevor's first victim in Sandy ShoresAshley ButlerNo
88%
Who is kidnapped by TrevorLance VanceNo
88%
In which Mission does Jimmy take Michael's Car from him?Caida LibreNo
87%
What is the full name of Mr. KAnton KinderNo
86%
What is the name of the vehicle you drive in Marriage CounsellingKarin DilletanteNo
86%
Who is Trevor's first victim in Sandy ShoresLuis Fernando LopezNo
86%
What is the Lisence Plate on Franklin's CarMONIEDNo
86%
Who is kidnapped by TrevorPatricia MadradzoYes
86%
After Jimmy takes Michael's car, which car does he drive until Monkey BusinessProgen T20No
86%
What is the full name of Mr. KFerdiland KinderNo
85%
What is the full name of Mr. KJohn KerimovNo
84%
Who is Trevor's first victim in Sandy ShoresThe Guard who Almost Killed Michael in PrologueNo
84%
After Jimmy takes Michael's car, which car does he drive until Monkey BusinessBravado BansheeNo
83%
Click the odd one outGrotti X80 ProtoNo
83%
What is the name of the vehicle you drive in Marriage CounsellingCanis BodhiNo
82%
What is the Lisence Plate on Franklin's CarKRYST4LNo
82%
Click the odd one outPegassi ZentornoNo
82%
Click the odd one outPfister 811No
82%
Which Heist is Planned by TrevorThe Paleto ScoreNo
81%
How many cars can be stored in Michael's GarageThreeNo
81%
What is the Lisence Plate on Franklin's Car5MDS033No
80%
Which Heist is Planned by TrevorThe Merryweather HeistYes
79%
Who Is the Infinity KillerCarl "CJ" JohnsonNo
77%
Who is Trevor's first victim in Sandy ShoresJohnny KlebitzYes
77%
What is the Cheat Code (For PC) to get full ammoTOOLUPNo
76%
What is the Cheat Code (For PC) to get full ammoFULLCLIPYes
75%
Who Is the Infinity KillerLester CrestNo
75%
What is the full name of Mr. KFerdiland KerimovYes
74%
After Jimmy takes Michael's car, which car does he drive until Monkey BusinessObey 9F CabrioNo
73%
In which Mission does Jimmy take Michael's Car from him?Something SensibleNo
70%
How many cars can be stored in Michael's GarageOneNo
69%
Who Is the Infinity KillerTrevor PhilipsNo
65%
In which Mission does Jimmy take Michael's Car from him?Did Somebody Say Yoga?Yes
62%
What is the Lisence Plate on Franklin's CarFC1988Yes
62%
Click the odd one outKarin BeeJay XLYes
62%
How many cars can be stored in Michael's GarageTwoYes
58%
After Jimmy takes Michael's car, which car does he drive until Monkey BusinessDeclasse PremierYes
56%
What is the name of the vehicle you drive in Marriage CounsellingObey TailgaterNo
54%
In which mission do Michael and Franklin first meet?ComplicationsNo
44%
Which is the first heist you do in GTA VThe Jewellery Store JobNo
42%
Which is the first heist you do in GTA VPrologueYes
41%
Who Is the Infinity KillerMerle AbrahamsYes
36%
In which mission do Michael and Franklin first meet?Franklin and LamarYes
34%
What is the name of the vehicle you drive in Marriage CounsellingBravado BisonYes
33%

Score Distribution

Percentile by Number Answered

Percent of People with Each Score

Your Score History

You have not taken this quiz